Statistics for Name the Artist - Spotify Wrapped 2022

Click here to take the quiz!

General Stats

  • This quiz has been taken 19 times
  • The average score is 24 of 100

Answer Stats

Song TitleArtist% Correct
As It Was | Canyon Moon | Grapejuice | +4 othersHarry Styles
88%
Nothing NewTaylor Swift (feat. Phoebe Bridgers)
65%
Getting Older | Happier Than Ever | bitches broken heartsBillie Eilish
59%
Hello Hello | Tiny DancerElton John
59%
All Too Well (10 Minute Version) | I Did Something Bad | august | +2 othersTaylor Swift
59%
no body, no crimeTaylor Swift (feat. HAIM)
59%
Motion Sickness | That Funny FeelingPhoebe Bridgers
41%
This Charming ManThe Smiths
41%
ChiquititaABBA
35%
Like Real People Do | Would That IHozier
35%
Got to Get You Into My LifeThe Beatles
35%
My Life | ViennaBilly Joel
29%
Boys Will Be BugsCavetown
29%
Cigarette DaydreamsCage the Elephant
24%
SunsetzCigarettes After Sex
24%
Holland, 1945 | In the Aeroplane Over the Sea | the King of Carrot Flowers, Pt. 1Neutral Milk Hotel
24%
Feeling WhitneyPost Malone
24%
Can I Call You Tonight?Dayglow
18%
Numb Little BugEm Beihold
18%
orange show speedwayLizzy McAlpine
18%
erase meLizzy McAlpine (feat. Jacob Collier)
18%
New Perspective | Stick SeasonNoah Kahan
18%
End of the Day | Fireproof | Never Enough | Walking in the WindOne Direction
18%
Chelsea DaggerThe Fratellis
18%
SomedayThe Strokes
18%
Body and Mindgirl in red
12%
The BottomGracie Abrams
12%
Pluto ProjectorRex Orange County
12%
Mr LovermanRicky Montgomery
12%
I Can't Handle ChangeRoar
12%
Hold Her While You Can | Lady by the Sea | Love Life | Until I Found YouStephen Sanchez
12%
When I Grow Up (To Be a Man)The Beach Boys
12%
Sweet DispositionThe Temper Trap
12%
The Judgetwenty one pilots
12%
Saturday SunVance Joy
12%
ScrawnyWallows
12%
Six Feet ApartAlec Benjamin
6%
30/90Andrew Garfield
6%
Citizen | Sailing to NowhereBroken Bells
6%
Manta Rays | Take Your Timechloe moriondo
6%
Hotel | don't miss meClaire Rosinkranz
6%
GO TO HELLClinton Kane
6%
(Online Love) | DisasterConan Gray
6%
BrightEchosmith
6%
Song I Made Up To Stop Myself From Having a Panic Attack Just NowField Medic
6%
HabitsGenevieve Stokes
6%
SometimesGerry Cinnamon
6%
Cherry Winegrentperez
6%
Operator (That's Not the Way It Feels)Jim Croce
6%
Stop This TrainJohn Mayer
6%
Una FlorJuanes
6%
Bang BangK'naan (feat. Adam Levine)
6%
LullabyLord Huron
6%
Oh Yeah, You Gonna Cry? | PerfumeLovejoy
6%
Möbius Chicken Strip | Neutrogena Spektor | Self-DestructOrigami Angel
6%
Pink HouseSuperet
6%
D'You Have a Car?SWMRS
6%
Where Does the Good GoTegan and Sara
6%
Be Gentle With MeThe Boy Least Likely To
6%
I Will, TonightThe Brobecks
6%
Out Like a LightThe Honeysticks
6%
AngelaThe Lumineers
6%
ConstellationsThe Oh Hellos
6%
TurbulentWaterparks
6%
Alice | Eighty Eight | Fallin'Your Neighbors
6%
AzulZoé
6%

Score Distribution

Percentile by Number Answered

Percent of People with Each Score

Your Score History

You have not taken this quiz